KOHA-Header-6

Beginning JavaScript and CSS Development with jQuery (Record no. 1619)

000 -LEADER
fixed length control field 00317nam a2200121Ia 4500
008 - FIXED-LENGTH DATA ELEMENTS--GENERAL INFORMATION
fixed length control field 190723s9999 xx 000 0 und d
020 ## - INTERNATIONAL STANDARD BOOK NUMBER
International Standard Book Number 978-0-470-22779-4
100 ## - MAIN ENTRY--PERSONAL NAME
Personal name Richard York
245 #0 - TITLE STATEMENT
Title Beginning JavaScript and CSS Development with jQuery
260 ## - PUBLICATION, DISTRIBUTION, ETC. (IMPRINT)
Place of publication, distribution, etc Indiana
Name of publisher, distributor, etc Wiley
Date of publication, distribution, etc 2009
300 ## - PHYSICAL DESCRIPTION
Extent 529.:p
942 ## - ADDED ENTRY ELEMENTS (KOHA)
Koha item type Books
Holdings
Withdrawn status Lost status Source of classification or shelving scheme Damaged status Not for loan Collection code Permanent Location Current Location Shelving location Date acquired Total Checkouts Full call number Barcode Date last seen Date checked out Price effective from Koha item type
          Computer Languages MAJU MAJU Shelf No.A32 2019-07-23 2 6.76 8242 2025-05-29 2023-02-07 2019-07-23 Computer Languages

Powered by Koha